| 000 | 00897cab a2200325 4500 | ||
|---|---|---|---|
| 001 | ABS60622 | ||
| 008 | 090401t1999 xxu||||| |||| 00| 0 eng d | ||
| 035 | _a(Sirsi) u93829 | ||
| 041 | _aeng | ||
| 245 | _aFocus `99: Cheshire | ||
| 260 | _c1999 | ||
| 350 | _a0 | ||
| 490 |
_aEstates Gazette _v(9922) 5 June 1999, 77-115(14) |
||
| 650 | _aCHESHIRE | ||
| 650 | _aCHESTER | ||
| 650 | _aCREWE | ||
| 650 | _aELLESMERE PORT | ||
| 650 | _aINDUSTRIAL MARKET | ||
| 650 | _aMACCLESFIELD | ||
| 650 | _aNORTHWICH | ||
| 650 | _aPROPERTY-COMMERCIAL PROPERTY-OFFICE PROPERTY-OFFICE PROPERTY MARKET | ||
| 650 | _aPROPERTY-COMMERCIAL PROPERTY-RETAIL PROPERTY-RETAIL PROPERTY MARKET | ||
| 650 | _aRUNCORN | ||
| 650 | _aWARRINGTON | ||
| 650 | _aWILMSLOW | ||
| 650 | _aWINSFORD | ||
| 690 | _aPROPERTY-COMMERCIAL PROPERTY-COMMERCIAL PROPERTY MARKET | ||
| 942 | _n0 | ||
| 948 | _c08/06/1999 | ||
| 999 |
_c59466 _d59466 |
||